| 000 | 00983nam a2200241Ia 4500 | ||
|---|---|---|---|
| 999 |
_c39826 _d39826 |
||
| 001 | 6431 | ||
| 003 | GE_BSU | ||
| 005 | 20191118122202.0 | ||
| 008 | 181216s1991||||ge |||||||||||||| ||geo|| | ||
| 020 | _a5529006817 | ||
| 040 | _cGE_BSU | ||
| 041 | _ageo | ||
| 080 | _a616(038) ბ-37 | ||
| 100 |
_aბახტაძე, გ. _95395 |
||
| 245 |
_aთერაპიული ლექსიკონი : _bსინდრომები, სახელობითი სიმპტომები და დაავადებები / _cგ. ბახტაძე, ა. ქისტაური, გ. ბახტაძე. |
||
| 264 |
_aთბილისი : _bსაქართველო, _c1991. |
||
| 300 |
_a684 გვ.; _b21 სმ. |
||
| 541 | _h15ლ. | ||
| 653 | _aთერაპიული ლექსიკონი | ||
| 653 | _aმედიცინა | ||
| 700 |
_a ქისტაური, ა. _eავტორი _95396 |
||
| 942 |
_cBK _2udc |
||